Steep Trails : (Record no. 229677)
[ view plain ]
| 000 -LEADER | |
|---|---|
| fixed length control field | 01536cam a22002773a 4500 |
| 001 - CONTROL NUMBER | |
| control field | 326 |
| 003 - CONTROL NUMBER IDENTIFIER | |
| control field | PGUSA |
| 005 - DATE AND TIME OF LATEST TRANSACTION | |
| control field | 20140828082946.0 |
| 008 - FIXED-LENGTH DATA ELEMENTS--GENERAL INFORMATION | |
| fixed length control field | 950901s1995||||xxu|||||s|||||000 | eng d |
| 040 ## - CATALOGING SOURCE | |
| Original cataloging agency | PGUSA |
| Language of cataloging | eng |
| 042 ## - AUTHENTICATION CODE | |
| Authentication code | dc |
| 050 #4 - LIBRARY OF CONGRESS CALL NUMBER | |
| Classification number | F590.3 |
| 100 1# - MAIN ENTRY--PERSONAL NAME | |
| Personal name | Muir, John, |
| Dates associated with a name | 1838-1914 |
| 245 10 - TITLE STATEMENT | |
| Title | Steep Trails : |
| Remainder of title | California, Utah, Nevada, Washington, Oregon, the Grand Canyon |
| Medium | [electronic resource] / |
| Statement of responsibility, etc | John Muir |
| 260 ## - PUBLICATION, DISTRIBUTION, ETC. (IMPRINT) | |
| Name of publisher, distributor, etc | Project Gutenberg, |
| Date of publication, distribution, etc | 1995 |
| 505 0# - FORMATTED CONTENTS NOTE | |
| Formatted contents note | Wild wool -- A geologist's winter walk -- Summer days at Mount Shasta -- A perilous night on Shasta's summit -- Shasta rambles and Modoc memories -- The city of the Saints -- A great storm in Utah -- Bathing in Salt Lake-- Mormon lilies -- The San Gabriel Valley -- The San Gabriel Mountains -- Nevada farms -- Nevada forests -- Nevada's timber belt -- Glacial phenomena in Nevada -- Nevada's dead towns -- Puget Sound -- The forests of Washington --People and towns of Puget Sound -- An ascent of Mount Rainier -- The physical and climatic characteristics of Oregon -- The forests of Oregon and their inhabitants -- The rivers of Oregon -- The Grand Canyon of the Colorado. |
| 506 ## - RESTRICTIONS ON ACCESS NOTE | |
| Terms governing access | Public domain in the USA. |
| 516 ## - TYPE OF COMPUTER FILE OR DATA NOTE | |
| Type of computer file or data note | Electronic text |
| 653 ## - INDEX TERM--UNCONTROLLED | |
| Uncontrolled term | West (U.S.) -- Description and travel |
| 653 ## - INDEX TERM--UNCONTROLLED | |
| Uncontrolled term | Forests and forestry -- West (U.S.) |
| 653 ## - INDEX TERM--UNCONTROLLED | |
| Uncontrolled term | Shasta, Mount (Calif. : Mountain) |
| 700 1# - ADDED ENTRY--PERSONAL NAME | |
| Personal name | Badè, William Frederic, |
| Dates associated with a name | 1871-1936 |
| 830 #0 - SERIES ADDED ENTRY--UNIFORM TITLE | |
| Uniform title | Project Gutenberg |
| Volume number/sequential designation | 326 |
| 856 40 - ELECTRONIC LOCATION AND ACCESS | |
| Uniform Resource Identifier | <a href="http://www.gutenberg.org/ebooks/326">http://www.gutenberg.org/ebooks/326</a> |
| 942 ## - ADDED ENTRY ELEMENTS (KOHA) | |
| Koha item type | eBooks |
| Withdrawn status | Lost status | Damaged status | Home library | Current library | Date acquired | Total Checkouts | Date last seen | Price effective from | Koha item type |
|---|---|---|---|---|---|---|---|---|---|
| Project Gutenberg | Project Gutenberg | 08/28/2014 | 08/28/2014 | 08/28/2014 | eBooks |